| 000 | 00537nam a2200205Ia 4500 | ||
|---|---|---|---|
| 005 | 20250326144153.0 | ||
| 008 | 250326s9999 xx 000 0 und d | ||
| 020 | _a019565788-8 | ||
| 037 | _aTextbook | ||
| 040 |
_aFMSL _beng _cFMSL |
||
| 041 |
_aeng _2eng |
||
| 084 |
_aX:51 P3 _qFMSL |
||
| 100 | _aBasu Kaushik | ||
| 245 | 0 |
_aMarkets and governments _cBasu Kaushik |
|
| 260 |
_aNew York _bNew York, Oxford University _c2003 |
||
| 300 | _a268p | ||
| 365 | _b595 | ||
| 942 |
_cTB _hX:51 P3 |
||
| 999 |
_c1302648 _d1302648 |
||